000
00215nam a2200097Ia 4500
005
20251222175817.0
008
251222s9999||||xx |||||||||||||| ||spa||
082
_a
DVD0150/C24/2009
245
0
_a
Bakhita:
942
_c
DVD
999
_c
40336
_d
40336